Statystyki dla Porządki Architektoniczne

Kliknij tutaj aby rozwiązać quiz!

Ogólne statystyki

  • Ten quiz został rozwiązany 31 razy
  • Średni wynik to 13 z 20

Statystyki odpowiedzi

ZagadnienieOdpowiedź% Poprawnych
Porządek Koryńcki
93%
Porządek Dorycki
90%
Porządek Joński
90%
Porządek Joński
90%
Porządek Koryńcki
86%
Porządek Dorycki
83%
Porządek Joński
83%
Porządek Joński
83%
Porządek Dorycki
79%
Porządek Dorycki
79%
Porządek Koryńcki
72%
Porządek Koryńcki
66%
Porządek Toskański
59%
Porządek Toskański
52%
Porządek Toskański
48%
Porządek Kompozytowy
45%
Porządek Kompozytowy
41%
Porządek Kompozytowy
38%
Porządek Toskański
34%
Porządek Kompozytowy
24%

Rozkład punktacji

Percentyl według liczby udzielonych odpowiedzi

Procent ludzi z każdym wynikiem

Twoja historia wyników

Nie rozwiązałeś tego quizu